Imunopatológia chronických črevných zápalov

Bibliographic Details
Main Authors: Petrášová, Darina, 1949- (Author), Bomba, Alojz (Author)
Format: Article
Language:Slovak
ISSN:1335-0099
Subjects:

MARC

LEADER 00000nab a2200000 a 4500
001 vtls010070747
003 SK-MaSNL
005 20260304163057.0
008 250507c2009 xo |||||||||||000 b|slo
015 |a SNBRB2010/03  |2 snkbucl 
035 |a (uuid)2da8782b-5d19-4214-986b-b459b3243195 
035 |a urn:nbn:sk:snk-ab15q5 
035 |a (urnnbn)urn:nbn:sk:snk:ar-a03v60 
038 |a SNKBUCL 
040 |a SNKBUCL  |b slo  |c SNKBUCL  |e AACR2 
041 0 |a slo 
044 |a xo  |c SK 
080 |a 616.34-002  |2 1997 
080 |a 616-092.19-008.6  |2 1997 
100 1 |a Petrášová, Darina,  |d 1949-  |4 aut  |9 224518 
245 1 0 |a Imunopatológia chronických črevných zápalov  |c D. Petrášová, A. Bomba 
650 0 7 |a enteritída  |2 snkbucl  |9 13900 
650 0 7 |a poruchy imunitného systému  |2 snkbucl  |9 79463 
700 1 |a Bomba, Alojz  |4 aut  |9 9696 
773 0 |t Slovenský veterinársky časopis = Slovak veterinary journal  |g Roč. XXXIV, č. 5 (2009), s. 291-293  |x 1335-0099 
850 |a Slovenská národná knižnica 
852 |a Slovenská národná knižnica 
954 |a odborná, vedecká literatúra pôvodná (slovenská)  |2 lita 
958 |a article27 
958 |a MI 
958 |a OND 
958 |a EUIPO 
999 |c 2976521  |d 2978451